| 000 | 00669nam a2200241Ia 4500 | ||
|---|---|---|---|
| 001 | dia_2409 | ||
| 003 | CHAP | ||
| 005 | 20251027150608.0 | ||
| 008 | 220117s1986 xx 000 0 und d | ||
| 010 | _a172932 | ||
| 040 | _cCHAP | ||
| 082 | _a660.2 H8 | ||
| 100 |
_aHusain, Asghar _9152776 |
||
| 245 |
_aChemical Process Simulation / _c by Asghar Husain |
||
| 260 |
_aNew Delhi : _b Wiley Eastern Limited, _c1986 |
||
| 300 | _a376 p. | ||
| 650 |
_a1.Procesos químicos/ _9152777 |
||
| 650 |
_aIngeniería química. _958271 |
||
| 901 | _a660.2 H8 | ||
| 902 | _aM | ||
| 905 | _a0000001986 INDX 0000000000ING00 | ||
| 942 |
_cLIBRO _2ddc |
||
| 999 |
_c172932 _d172932 |
||